01395cam a22002531 4500001001300000003000400013005001700017008004100034010001700075035001900092040005200111042001200163050001700175110003400192245061300226260005300839300003400892650002300926650004300949700003900992700003601031700005701067999001701124gs 06000373 DLC20260227111303.0761213s1893 miu s001 0 eng c ags 06000373  a(OCoLC)2617603 aU.S. Geol. Survey. LibrarycMiMarqNdOCoLCdDLC apremarc00aQE125b.A1221 aMichigan.bGeological Survey.10aReport of the State Board of Geological Survey for the years 1891 and 1892bto which are appended exhibits setting forth the expenses of the survey from its inception to November 22, 1892, exclusive of the cost of publication. Also the reports of Dr. Carl Rominger for the years 1881-2 and 1882-3; of Mr. Charles E. Wright for the years 1885-8; of Dr. M.E. Wadsworth for the years 1889, 1890, 1891, 1892, made to the State Board of Geological Survey for the years named: also a provisional report by Dr. M.E. Wadsworth, State Geologist, upon the geology of the iron, gold and copper districts of Michigan ... aLansing,bR. Smith & Co., State Printers,c1893. a1 p. l., 192 p., 2 l.c23 cm. 0aGeologyzMichigan. 0aMines and mineral resourceszMichigan.1 aRominger, Carl Ludwig,d1820-1907.1 aWright, Charles E.,d1843-1888.1 aWadsworth, M. Edwardq(Marshman Edward),d1847-1921. c24418d24418